Small Machine Tools for Small Workpieces Final Report of the DFG Priority Program 1476 /

This contributed volume presents the research results of the program “Small machine tools for small work pieces” (SPP 1476), funded by the German Research Society (DFG). The book contains the final report of the priority program, presenting novel approached for size-adapted, reconfigurable micro mac...

Full description

Bibliographic Details
Corporate Author: SpringerLink (Online service)
Other Authors: Wulfsberg, Jens Peter (Editor), Sanders, Adam (Editor)
Format: Electronic eBook
Language:English
Published: Cham : Springer International Publishing : Imprint: Springer, 2017.
Series:Lecture Notes in Production Engineering,
Subjects:
Online Access:Full Text via HEAL-Link
LEADER 02586nam a22005895i 4500
001 978-3-319-49269-8
003 DE-He213
005 20170307135730.0
007 cr nn 008mamaa
008 170307s2017 gw | s |||| 0|eng d
020 |a 9783319492698  |9 978-3-319-49269-8 
024 7 |a 10.1007/978-3-319-49269-8  |2 doi 
040 |d GrThAP 
050 4 |a TJ241 
072 7 |a TGXT  |2 bicssc 
072 7 |a TEC020000  |2 bisacsh 
082 0 4 |a 670  |2 23 
245 1 0 |a Small Machine Tools for Small Workpieces  |h [electronic resource] :  |b Final Report of the DFG Priority Program 1476 /  |c edited by Jens Peter Wulfsberg, Adam Sanders. 
264 1 |a Cham :  |b Springer International Publishing :  |b Imprint: Springer,  |c 2017. 
300 |a XIII, 229 p. 188 illus., 148 illus. in color.  |b online resource. 
336 |a text  |b txt  |2 rdacontent 
337 |a computer  |b c  |2 rdamedia 
338 |a online resource  |b cr  |2 rdacarrier 
347 |a text file  |b PDF  |2 rda 
490 1 |a Lecture Notes in Production Engineering,  |x 2194-0525 
505 0 |a Tools -- Actuators -- Additional Modules. 
520 |a This contributed volume presents the research results of the program “Small machine tools for small work pieces” (SPP 1476), funded by the German Research Society (DFG). The book contains the final report of the priority program, presenting novel approached for size-adapted, reconfigurable micro machine tools. The target audience primarily comprises research experts and practitioners in the field of micro machine tools, but the book may also be beneficial for graduate students. 
650 0 |a Engineering. 
650 0 |a Vibration. 
650 0 |a Dynamical systems. 
650 0 |a Dynamics. 
650 0 |a Manufacturing industries. 
650 0 |a Machines. 
650 0 |a Tools. 
650 0 |a Quality control. 
650 0 |a Reliability. 
650 0 |a Industrial safety. 
650 0 |a Industrial engineering. 
650 1 4 |a Engineering. 
650 2 4 |a Manufacturing, Machines, Tools. 
650 2 4 |a Operating Procedures, Materials Treatment. 
650 2 4 |a Quality Control, Reliability, Safety and Risk. 
650 2 4 |a Vibration, Dynamical Systems, Control. 
700 1 |a Wulfsberg, Jens Peter.  |e editor. 
700 1 |a Sanders, Adam.  |e editor. 
710 2 |a SpringerLink (Online service) 
773 0 |t Springer eBooks 
776 0 8 |i Printed edition:  |z 9783319492674 
830 0 |a Lecture Notes in Production Engineering,  |x 2194-0525 
856 4 0 |u http://dx.doi.org/10.1007/978-3-319-49269-8  |z Full Text via HEAL-Link 
912 |a ZDB-2-ENG 
950 |a Engineering (Springer-11647)